Herby ekstraklasa 25/26 - Statystyki

Ogólne statystyki
  • Ten quiz został rozwiązany 32 razy
  • Średni wynik to 16 z 18
Statystyki odpowiedzi
Obrazkowy Odpowiedź % Poprawnych
arka gdynia
100%
cracovia
93%
jagiellonia białystok
93%
korona kielce
93%
lech poznań
93%
legia warszawa
93%
piast gliwice
93%
wisła płock
93%
górnik zabrze
90%
lechia gdańsk
90%
motor lublin
90%
pogoń szczecin
90%
radomiak radom
90%
gks katowice
87%
raków częstochowa
87%
widzew łódź
87%
zagłębie lubin
83%
bruk bet termalica
73%
Nie znaleziono quizów pasujących do podanych kryteriów
Rozkład punktacji
Procent ludzi z każdym wynikiem
Percentyl według liczby udzielonych odpowiedzi
Twoja historia wyników
Nie rozwiązałeś tego quizu